000 00773nam a2200205Ii 4500
003 JO-AjNU
008 230605s9999||||xx |||||||||||||| ||und||
017 _a1978/5919
040 _aJO-AjNU
_bara
_erda
_cJO-AjNU
041 _aara
050 1 4 _aHM251 .M8 1978
100 3 _aتأليف: نور، محمد عبدالمنعم,
_eauthor
_917936
245 0 0 _aالانسان ومجتمعه: دراسة اساسية للظواهر النفسية والاجتماعية
264 3 1 _aالقاهرة: دار المعرفة، 1978
300 _a232ص
_bيحتوي على ببلوغرافية من 226-232ص
336 _atext
_btxt
_2rdacontent
337 _aunmediated
_bn
_2rdamedia
338 _avolume
_bnc
_2rdacarrier
650 4 _aعلم النفس الاجتماعي
_917937
999 _aA5643
_c9211
_d9211